<?xml version="1.0" encoding="UTF-8"?>
<record
    xmlns:xsi="http://www.w3.org/2001/XMLSchema-instance"
    xsi:schemaLocation="http://www.loc.gov/MARC21/slim http://www.loc.gov/standards/marcxml/schema/MARC21slim.xsd"
    xmlns="http://www.loc.gov/MARC21/slim">

  <leader>00404nam a22001697a 4500</leader>
  <controlfield tag="005">20241125101459.0</controlfield>
  <controlfield tag="008">160702b        xxu||||| |||| 00| 0 eng d</controlfield>
  <datafield tag="020" ind1=" " ind2=" ">
    <subfield code="a">978-93-272-4079-5</subfield>
  </datafield>
  <datafield tag="041" ind1=" " ind2=" ">
    <subfield code="a">eng</subfield>
  </datafield>
  <datafield tag="082" ind1=" " ind2=" ">
    <subfield code="b">20815</subfield>
    <subfield code="a">635</subfield>
  </datafield>
  <datafield tag="100" ind1=" " ind2=" ">
    <subfield code="a">SINGH, JITENDRA</subfield>
    <subfield code="9">3435</subfield>
  </datafield>
  <datafield tag="245" ind1=" " ind2=" ">
    <subfield code="a">FUNDAMENTALS OF HORTICULTURE</subfield>
  </datafield>
  <datafield tag="260" ind1=" " ind2=" ">
    <subfield code="b">KALYANI PUBLISHERS </subfield>
  </datafield>
  <datafield tag="300" ind1=" " ind2=" ">
    <subfield code="a">206;P</subfield>
  </datafield>
  <datafield tag="650" ind1=" " ind2=" ">
    <subfield code="a">Agriculture</subfield>
  </datafield>
  <datafield tag="942" ind1=" " ind2=" ">
    <subfield code="c">BK</subfield>
  </datafield>
  <datafield tag="999" ind1=" " ind2=" ">
    <subfield code="c">5135</subfield>
    <subfield code="d">5133</subfield>
  </datafield>
  <datafield tag="952" ind1=" " ind2=" ">
    <subfield code="0">0</subfield>
    <subfield code="1">0</subfield>
    <subfield code="4">0</subfield>
    <subfield code="7">0</subfield>
    <subfield code="8">REF</subfield>
    <subfield code="a">JRU</subfield>
    <subfield code="b">JRU</subfield>
    <subfield code="c">SHELF-2-C</subfield>
    <subfield code="d">2016-07-02</subfield>
    <subfield code="e">PURCHASE</subfield>
    <subfield code="g">175.00</subfield>
    <subfield code="l">1</subfield>
    <subfield code="o">635</subfield>
    <subfield code="p">20815</subfield>
    <subfield code="r">2023-11-06 13:36:20</subfield>
    <subfield code="s">2023-10-18</subfield>
    <subfield code="w">2016-07-02</subfield>
    <subfield code="y">BK</subfield>
  </datafield>
  <datafield tag="952" ind1=" " ind2=" ">
    <subfield code="0">0</subfield>
    <subfield code="1">0</subfield>
    <subfield code="4">0</subfield>
    <subfield code="7">0</subfield>
    <subfield code="8">AGRICULTURE</subfield>
    <subfield code="a">JRU</subfield>
    <subfield code="b">JRU</subfield>
    <subfield code="c">SHELF-43-D</subfield>
    <subfield code="d">2016-07-02</subfield>
    <subfield code="e">PURCHASE</subfield>
    <subfield code="g">175.00</subfield>
    <subfield code="l">31</subfield>
    <subfield code="m">9</subfield>
    <subfield code="o">635</subfield>
    <subfield code="p">20816</subfield>
    <subfield code="r">2025-12-08 09:23:17</subfield>
    <subfield code="s">2025-11-10</subfield>
    <subfield code="w">2016-07-02</subfield>
    <subfield code="y">BK</subfield>
  </datafield>
  <datafield tag="952" ind1=" " ind2=" ">
    <subfield code="0">0</subfield>
    <subfield code="1">0</subfield>
    <subfield code="4">0</subfield>
    <subfield code="7">0</subfield>
    <subfield code="8">AGRICULTURE</subfield>
    <subfield code="a">JRU</subfield>
    <subfield code="b">JRU</subfield>
    <subfield code="c">SHELF-43-D</subfield>
    <subfield code="d">2016-07-02</subfield>
    <subfield code="e">PURCHASE</subfield>
    <subfield code="g">175.00</subfield>
    <subfield code="l">23</subfield>
    <subfield code="m">5</subfield>
    <subfield code="o">635</subfield>
    <subfield code="p">20817</subfield>
    <subfield code="r">2025-10-15 13:06:06</subfield>
    <subfield code="s">2025-10-08</subfield>
    <subfield code="w">2016-07-02</subfield>
    <subfield code="y">BK</subfield>
  </datafield>
  <datafield tag="952" ind1=" " ind2=" ">
    <subfield code="0">0</subfield>
    <subfield code="1">0</subfield>
    <subfield code="4">0</subfield>
    <subfield code="7">0</subfield>
    <subfield code="8">AGRICULTURE</subfield>
    <subfield code="a">JRU</subfield>
    <subfield code="b">JRU</subfield>
    <subfield code="c">SHELF-43-D</subfield>
    <subfield code="d">2016-07-02</subfield>
    <subfield code="e">PURCHASE</subfield>
    <subfield code="g">175.00</subfield>
    <subfield code="l">30</subfield>
    <subfield code="m">6</subfield>
    <subfield code="o">635</subfield>
    <subfield code="p">20818</subfield>
    <subfield code="r">2025-12-10 10:47:16</subfield>
    <subfield code="s">2025-11-27</subfield>
    <subfield code="w">2016-07-02</subfield>
    <subfield code="y">BK</subfield>
  </datafield>
  <datafield tag="952" ind1=" " ind2=" ">
    <subfield code="0">0</subfield>
    <subfield code="1">0</subfield>
    <subfield code="4">0</subfield>
    <subfield code="7">0</subfield>
    <subfield code="8">AGRICULTURE</subfield>
    <subfield code="a">JRU</subfield>
    <subfield code="b">JRU</subfield>
    <subfield code="c">SHELF-43-D</subfield>
    <subfield code="d">2016-07-02</subfield>
    <subfield code="e">PURCHASE</subfield>
    <subfield code="g">175.00</subfield>
    <subfield code="l">25</subfield>
    <subfield code="m">8</subfield>
    <subfield code="o">635</subfield>
    <subfield code="p">20819</subfield>
    <subfield code="r">2025-12-12 06:09:16</subfield>
    <subfield code="s">2025-11-27</subfield>
    <subfield code="w">2016-07-02</subfield>
    <subfield code="y">BK</subfield>
  </datafield>
</record>
